| 000 | 00000nas 2200000za 4500 |
| 001 | 9.852124 |
| 003 | CaOODSP |
| 005 | 20221107154520 |
| 007 | cr ||||||||||| |
| 008 | 180221d19171919oncar p oss f0###a0eng|d |
| 040 | |aCaOODSP|beng |
| 043 | |an-cn--- |
| 086 | 1 |aCS65-D-20E-PDF |
| 245 | 00|aAnnual report of the trade of Canada (imports for consumption and exports) |h[electronic resource]. |
| 260 | |aOttawa : |bDominion Bureau of Statistics, Census and Statistics Office, |c1918-1919. |
| 310 | |aAnnual |
| 362 | 0 |a1916/17-1919/20. |
| 490 | 0 |aSessional paper |
| 500 | |aDigitized edition from print [produced by Statistics Canada]. |
| 515 | |aFiscal year ended Mar. 31. |
| 550 | |aIssue for 1917/1918 published by Dominion Bureau of Statistics. |
| 692 | 07|2gccst|aTrade |
| 692 | 07|2gccst|aStatistics |
| 710 | 1 |aCanada. |bDominion Bureau of Statistics. |
| 710 | 1 |aCanada.|bCensus and Statistics Office. |